00999 2200313 4500001002100000005001500021035002000036007000300056008004100059020002200100082001500122084001500137245012700152250002600279300003400305650003100339700003000370504002900400710004500429264003700474336002100511337003000532338002300562040002200585090002200607850001200629999002200641990002200663INLIS00000000089422320250311121656 a0010-0325000304ta250311s2025 yoia g 000 | ind d a978-623-10-3783-104223a495.78 a495.78 CAN00aCandu ngomong Korea :blatihan mandiri percakapan bahasa Korea sehari-hari /cKlub Bahasa Panda; penyunting, Desi Sugiarti aCetakan Keempat, 2025 a224 halaman :btabel ;c19 cm 4aBahasa Korea--xPercakapan0 aDesi SugiartiePenyunting aBibliografi: halaman 221 aKlub Bahasa PandaeBadan Penanggungjawab31aBantul :bAndaliman Books,c2025 2rdacontentateks 2rdamediaatanpa perantara 2rdacarrieravolume aYOPDYOGbinderda aCB-D.11 2025-0185 aYOPDYOG aCB-D.11/2025-0185 aCB-D.11/2025-0185